Kansansairaudet-äkkikuolema - Statistics

Yleistilastot
  • Tätä visaa on pelattu 231 kertaa
  • Keskiarvotulos 3 / 7
Answers on the Grid
Answers color-coded by a green-red scale on the quiz's grid according to % correct below.
Diabetes
Astma ja allergia
Krooniset keuhkosairaudet
Syöpäsairaudet
Muistisairaudet
Tuki- ja liikuntaelimistön sairaudet
Mielenterveyden sairaudet
Kilpirauhasen vajaatoiminta
Tartuntataudit
ADHD
Migreeni
Neurologiset sairaudet
Tulehdukselliset suolistosairaudet
Perinnölliset sairaudet
 
Vastaustilastot
Vastaus % Oikein
Diabetes
78%
Tuki- ja liikuntaelimistön sairaudet
62%
Syöpäsairaudet
59%
Muistisairaudet
49%
Astma ja allergia
41%
Mielenterveyden sairaudet
29%
Krooniset keuhkosairaudet
25%
Ehtoja vastaavia visoja ei löytynyt
Tulosjakauma
Jokaisen tuloksen saaneiden osuus
Persentiili vastausten määrän mukaan
Tuloshistoriasi
Et ole pelannut tätä visaa